000 00360nam a2200145Ia 4500
008 230917s9999||||xx |||||||||||||| ||und||
040 _e57098
_aMAIN
041 _aEnglish
082 _a829.443 T129H
100 _aTagore, Rabindranath
245 0 _aHungry stones and others stories
260 _aLondon
_bMacMillan
_c1964
300 _a271 p.
942 _cBK
999 _c186257
_d186257